000 00275nam a22001217a 4500
008 170503b xxu||||| |||| 00| 0 eng d
041 _aeng
080 _a342
100 _a13
101 _aSHJ
245 _aIMPERIAL AMERICA FOREIGN POLICY
_cGARDNER.L.C
942 _2udc
_cBK
999 _c12549
_d12549